000 02860cam a2200313 4500500
005 20260405003234.0
041 _afre
042 _adc
100 1 0 _aNovisi Djimabi, Yao
_eauthor
245 0 0 _aL’engagement des parties prenantes en entrepreneuriat : la place de la rhétorique
260 _c2026.
500 _a58
520 _aLe pitch est un moment important pour les parties prenantes et les entrepreneurs. Il a gagné en popularité grâce à plusieurs émissions de télévision qui l’ont dramatisé comme une confrontation entre des « requins » ou les « dragons » de la finance et les entrepreneurs (Guimtrandy et Burger-Helmchen, 2022). Dans cette recherche, nous nous intéressons à la manière dont les étudiants entrepreneurs mobilisent la rhétorique dans leurs pitchs afin de susciter l’engagement des parties prenantes, tout en mettant en lumière le rôle de la communication dans la légitimation des projets à l’état gazeux et souligné l’importance des dispositifs d’accompagnement dans la construction de l’identité entrepreneuriale des étudiants entrepreneurs. À travers une approche qualitative basée sur les entretiens et des enregistrements vidéo, cette étude vise à élaborer un modèle théorique et structurel permettant de mieux comprendre l’articulation entre communication, engagement et le niveau d’avancement des projets.
520 _aThe pitch is a crucial moment for both stakeholders and entrepreneurs. It has gained popularity thanks to several television shows that dramatised it as a confrontation between financial “sharks” or “dragons” and entrepreneurs (Guimtrandy and Burger-Helmchen, 2022). In this research, we examine how student entrepreneurs mobilise rhetoric in their pitches to foster-stakeholder engagement, while highlighting the role of communication in legitimising projects still in their nascent stage, and underlining the importance of support mechanisms in shaping the entrepreneurial identity of student entrepreneurs. Through a qualitative approach based on interviews and video recordings, this study aims to develop a theoretical and structural model that provides a better understanding of the interplay between communication, engagement, and the stage of project development.
690 _acommunication
690 _aengagement
690 _aentrepreneuriat
690 _aparties prenantes
690 _apitch
690 _arhétorique
690 _acommunication
690 _aengagement
690 _aentrepreneurship
690 _apitch
690 _arhetoric
690 _astakeholders
786 0 _nProjectics / Proyéctica / Projectique | 43 | 1 | 2026-03-24 | p. 19-28 | 2031-9703
856 4 1 _uhttps://shs.cairn.info/revue-projectics-proyectica-projectique-2026-1-page-19?lang=fr&redirect-ssocas=7080
999 _c2065646
_d2065646